Normal view
MARC view
- M. Sami Ur Rehman
Entry Personal Name
001 - CONTROL NUMBER
- control field: 15322
003 - CONTROL NUMBER IDENTIFIER
- control field: NUST
005 - DATE AND TIME OF LATEST TRANSACTION
- control field: 20190621110926.0
008 - FIXED-LENGTH DATA ELEMENTS
- fixed length control field: 190621|| aca||aabn | a|a d
040 ## - CATALOGING SOURCE
- Original cataloging agency: NUST
- Transcribing agency: NUST
100 ## - HEADING--PERSONAL NAME
- Personal name: M. Sami Ur Rehman
670 ## - SOURCE DATA FOUND
- Source citation: Work cat.: (NUST): M. Sami Ur Rehman, PROJECT SCHEDULE RISK MANAGEMENT THROGH BUILDING INFORMATION MODELING, 2018.
